000 00540nam a2200181 a 4500
005 20140310183219.0
008 030929s19uu xx 00 eng d
020 _a0750652438
050 _aHD 9940.A2
_b.F373 2001
245 _aFashion marketing :
_bcontemporary issues /
_cEdited by Tony Hines and Margaret Bruce.
260 _aOxford :
_bButterworth Heinemann,
_c2001.
300 _axvi, 243p. ;
_c24cm.
500 _aIncludes Index
521 _aBSBA
650 _aFashion merchandizing
942 _cBK
_2lcc
_kFOR
999 _c20298
_d20298